Cẩm nang cơ khí : (Nguyên lí thiết kế)

Sách hướng dẫn các kiểu mối ghép hàn, các mối ghép tán đinh, các mối ghép chặt, ghép ren, các mối ghép bích...và các quy tắc thiết kế, phương pháp làm tăng độ bền các mối hàn

Guardat en:
Dades bibliogràfiques
Autor principal: Orlôp, P. I.
Format: Llibre
Idioma:Undetermined
Publicat: Hải Phòng Nxb Hải Phòng 2003
Matèries:
Etiquetes: Afegir etiqueta
Sense etiquetes, Sigues el primer a etiquetar aquest registre!
Thư viện lưu trữ: Trung tâm Học liệu Trường Đại học Cần Thơ
LEADER 00981nam a2200229Ia 4500
001 CTU_102440
008 210402s9999 xx 000 0 und d
020 |c 135000 
082 |a 620.1 
082 |b O.72/T.2 
100 |a Orlôp, P. I. 
245 0 |a Cẩm nang cơ khí : 
245 0 |b (Nguyên lí thiết kế) 
245 0 |c P. I Orlôp ; Võ Trần Khúc Nhã (biên dịch) 
260 |a Hải Phòng 
260 |b Nxb Hải Phòng 
260 |c 2003 
520 |a Sách hướng dẫn các kiểu mối ghép hàn, các mối ghép tán đinh, các mối ghép chặt, ghép ren, các mối ghép bích...và các quy tắc thiết kế, phương pháp làm tăng độ bền các mối hàn 
650 |a Mechanical engineering,Machine parts 
650 |x Handbooks, manuals, etc.,Design and construction 
904 |i Hiếu; H.Mai 
980 |a Trung tâm Học liệu Trường Đại học Cần Thơ